000 00501nam a2200193Ia 4500
003 GCL
008 140319s9999 xx 000 0 eng d
040 _aGCL /
_cGCL
082 0 4 _a616.014
_bS M
100 1 _aTIMBURY, MORAG C.
245 1 0 _aMEDICAL BACTERIOLOGY /
_cTIMBURY, MORAG C.
700 1 _aSLEIGH, J. DOUGLAS
700 1 _aHOWIE, JAMES
260 _a[S.N] :
_bCHURCHILL LIVINGSTONE ،
_c1990
300 _a438\P
650 0 4 _aPUBLIC HEALTH
650 0 4 _aBACTERIOLOGY
942 _2ddc
_cBK
999 _c20129
_d20129